header

The mutual interaction of people and their built environment (Record no. 103769)

MARC details
000 -LEADER
fixed length control field 01903nam a2200385 a 4500
082 04 - DEWEY DECIMAL CLASSIFICATION NUMBER
Classification number 301.31
245 04 - TITLE STATEMENT
Title The mutual interaction of people and their built environment
260 ## - PUBLICATION, DISTRIBUTION, ETC. (IMPRINT)
Place of publication The Hague :
Name of publisher Mouton ;
Place of publication Chicago :
Name of publisher distributed in the USA and Canada by Aldine,
Year of publication c1976.
300 ## - PHYSICAL DESCRIPTION
Number of Pages xv, 505 p., [19] p. of plates :
Other physical details ill., maps.
500 ## - GENERAL NOTE
General note Papers presented at a pre-Congress conference of the IXth International Congress of Anthropological and Ethnological Sciences, Chicago, 1973.
505 0# - FORMATTED CONTENTS NOTE
Formatted contents note section 1. General papers -- section 2. Human characteristics -- section 3. Environments -- section 4. Mechanisms -- section 5. Case studies -- section 6. Conclusion.
650 #0 - SUBJECT ADDED ENTRY--TOPICAL TERM
Topical Term Human ecology
Topical Term Cities and towns
Topical Term Dwellings
700 1# - ADDED ENTRY--PERSONAL NAME
Personal name Rapoport, Amos.
856 40 - ELECTRONIC LOCATION AND ACCESS
Uniform Resource Identifier http://site.ebrary.com/lib/rucke/Doc?id=10588409

No items available.

© 2026 Rongo University
Contact us: librarian | system librarian | Rongo university